000 00981nam a2200313Ia 4500
003 OSt
005 20221006160200.0
006 a|||||r|||| 00| 0
007 ta
008 221006b |||||||| |||| 00| 0 eng d
020 _a9788992822954
_c
_40.00
024 _a44,539
037 _bGift, Koren Embassy
_cTextual
040 _aEASL
_cEASL
_beng
041 _2eng
_aeng
082 _aY:351.495, Q3
100 _aLee Chung-myun
_9672255
245 0 _aArirang of Korea
_b Han, sorrows and hope
260 _aSeoul
_bEasy publishing Co. Korea
_c2013
300 _a380p.
_ccm.
490 _v KEL
650 _a KEL
650 _a Korea - Film Arirang
_9672256
650 _a Korea - Globalization of Arirang - Possibility
_9672257
650 _a Korea - Han and Arirang - Story of
_9672258
650 _aKorea - Song of Arirang - Origin of
_9672259
942 _hY:351.495, Q3
_cTEXL
_2CC
999 _c1112631
_d1112631